000
00304nam a22001337a 4500
008
181205b xxu||||| |||| 00| 0 eng d
020
_a
9780201340273
041
_a
eng
080
_2
5th
_a
510
100
_a
36
101
_a
MAT
245
_a
Developmental Mathematics
_c
Bittinger,M.L
942
_2
udc
_c
BK
999
_c
52889
_d
52889